| 000 | 00000nam##2200000za#4500 |
| 001 | 9.643125 |
| 003 | CaOODSP |
| 005 | 20210624224026 |
| 007 | cr ||||||||||| |
| 008 | 150407|2003||||xxc|||||o f|0| 0 fre|d |
| 040 | |aCaOODSP|bfre |
| 043 | |an-cn--- |
| 086 | 1 |aEn14-171/2003-2F-PDF |
| 110 | 1 |aCanada. |bEnvironnement Canada. |
| 245 | 10|aManuel pour la recherche sur le terrain. Partie B, : |h[ressource électronique]|bMéthodes supplémentaires et manipulations expérimentales / |cmanuel compilé, rédigé et édité par David Bean, Greg Henry, et Sandra Rolph ; RÉSÉ Nord. |
| 246 | 15|aManuel pour la recherche sur le terrain de la CANTTEX. Partie B, méthodes supplémentaires et manipulations expérimentales |
| 260 | |aOttawa - Ontario : |bEnvironnement Canada |c2003. |
| 300 | |a69p.|bfigures (certaines en couleur), glossaire, graphique, références, tableaux |
| 500 | |aPour la partie A, voir En14-171/2003-1F-PDF. |
| 590 | |a14-21-Supp|b2014-12-11 |
| 691 | 07|aGestion de l'environnement|2gcpds |
| 691 | 07|aNord canadien|2gcpds |
| 775 | 08|tField manual. Part B, : |w(CaOODSP)9.699105 |
| 856 | 40|ahttp://publications.gc.ca|qPDF|s2.48 Mo|uhttps://publications.gc.ca/collections/collection_2014/ec/En14-171-2003-2-fra.pdf |